Fill in the 2022 NCAA Tournament Bracket - Statistics

General Stats
  • This quiz has been taken 505 times
  • The average score is 42 of 68
Answers on the Map
Answers color-coded by a green-red scale on the quiz's map according to % correct below.
 
Answer Stats
Team % Correct
North Carolina
96%
Kansas
95%
Duke
94%
Gonzaga
88%
Texas
88%
Michigan
86%
Baylor
85%
Kentucky
85%
Michigan State
83%
Purdue
82%
UCLA
82%
Alabama
81%
Villanova
81%
Houston
79%
Iowa
79%
Ohio State
78%
Saint Mary's
78%
Tennessee
78%
Texas Tech
78%
Connecticut
77%
Miami
77%
Arizona
75%
Indiana
74%
Saint Peter's
74%
USC
74%
Arkansas
73%
Illinois
73%
Wisconsin
73%
Iowa State
72%
Auburn
71%
Virginia Tech
66%
LSU
65%
Marquette
64%
Creighton
63%
Memphis
63%
Colorado State
62%
South Dakota State
62%
San Diego State
61%
TCU
60%
New Mexico State
58%
Yale
58%
Notre Dame
57%
Boise State
55%
Loyola Chicago
55%
Providence
55%
Rutgers
54%
Vermont
51%
Murray State
49%
Richmond
48%
Wyoming
47%
Colgate
46%
Georgia State
45%
San Francisco
45%
Seton Hall
45%
Akron
43%
Davidson
40%
Montana State
40%
Texas Southern
38%
Chattanooga
36%
Delaware
36%
Bryant
34%
Jacksonville State
34%
UAB
34%
Norfolk State
33%
Texas A&M-Corpus Christi
33%
Wright State
32%
Cal State Fullerton
31%
Longwood
31%
No matching quizzes found
Score Distribution
Percent of People with Each Score
Percentile by Number Answered
Your Score History
You have not taken this quiz